[Event "Zaragoza Province-ch Primera"]
[Site "Zaragoza"]
[Date "2015.10.04"]
[Round "2"]
[White "Cortes Sobrevilla, Cecilio"]
[Black "Pintanel Torres, Manuel"]
[Result "0-1"]
[WhiteElo "1664"]
[BlackElo "1551"]
[PlyCount "78"]
[EventDate "2015.09.27"]
[EventType "swiss"]
[EventRounds "6"]
[EventCountry "ESP"]
[SourceTitle "CBM 170 Extra"]
[Source "ChessBase"]
[SourceDate "2016.02.25"]
[SourceVersion "1"]
[SourceVersionDate "2016.02.25"]
[SourceQuality "1"]

1. d4 d5 2. Nf3 Nf6 3. e3 Bf5 4. Be2 h6 5. c4 dxc4 6. Bxc4 e6 7. Ne5 Bd6 8. f4 Nbd7 9. Nc3 0-0 10. 0-0 a6 11. a4 Rc8 12. Ba2 c6 13. h3 Nb6 14. Nf3 Bb4 15. Nh4 Bh7 16. Nf3 c5 17. Bb3 cxd4 18. Na2 Bd6 19. Nxd4 Ne4 20. f5 exf5 21. Nxf5 Bxf5 22. Rxf5 Qc7 23. Rf3 Rcd8 24. Qe1 Bg3 25. Rxg3 Nxg3 26. e4 Rfe8 27. Nc3 Nc4 28. Bxc4 Qxc4 29. Qxg3 Rd3 30. Qe1 Re6 31. Be3 f5 32. Qf2 fxe4 33. Rf1 Rf6 34. Qe2 Rxf1+ 35. Kxf1 Qf7+ 36. Kg1 Qf5 37. Bf2 Qf4 38. Qxe4 Rd1+ 39. Be1 Qxe4 0-1

[Event "Zaragoza Province-ch Primera"]
[Site "Zaragoza"]
[Date "2015.09.27"]
[Round "1"]
[White "Pintanel Torres, Manuel"]
[Black "Merin Flores, Miguel Angel"]
[Result "0-1"]
[WhiteElo "1551"]
[BlackElo "1732"]
[PlyCount "100"]
[EventDate "2015.09.27"]
[EventType "swiss"]
[EventRounds "6"]
[EventCountry "ESP"]
[SourceTitle "CBM 170 Extra"]
[Source "ChessBase"]
[SourceDate "2016.02.25"]
[SourceVersion "1"]
[SourceVersionDate "2016.02.25"]
[SourceQuality "1"]

1. e4 c6 2. d4 d5 3. Nc3 dxe4 4. Nxe4 Nd7 5. Nf3 Ngf6 6. Bd3 Nxe4 7. Bxe4 Nf6 8. Bd3 Bg4 9. c3 e6 10. Bg5 Be7 11. h3 Bh5 12. 0-0 Qa5 13. Bxf6 Bxf6 14. Be4 0-0 15. Qc2 Bg6 16. Bxg6 hxg6 17. Nh2 Rad8 18. Ng4 Bg5 19. Rfe1 Rfe8 20. Re5 Rd5 21. b4 Qd8 22. Rae1 Bf4 23. R5e2 Rh5 24. Ne5 Qg5 25. Qd3 Rd8 26. Qf3 Rd5 27. Re4 Bxe5 28. Rxe5 Qd2 29. R1e2 Qc1+ 30. Kh2 Rf5 31. Qg3 Qf1 32. R5e4 Rg5 33. Qb8+ Kh7 34. Rh4+ Rh5 35. Rxh5+ gxh5 36. Rd2 Rg5 37. f4 Rf5 38. g3 h4 39. Rg2 hxg3+ 40. Rxg3 Rxf4 41. Rg2 Rf2 42. Qg3 Rxg2+ 43. Qxg2 Qxg2+ 44. Kxg2 Kg6 45. Kf3 Kf5 46. a4 e5 47. b5 cxb5 48. axb5 exd4 49. c4 Ke5 50. h4 d3 0-1